000 00393pab a2200145 454500
008 180718b1997 xxu||||| |||| 00| 0 eng d
100 _aRangan, Haripriya
245 _aProperty vs control: the state and forest management in the Indian Himalaya
260 _c1997
300 _ap.71-94
362 _aJan
650 _aForest management
773 _aDevelopment and Change
909 _a35341
999 _c35341
_d35341